000 00536nam a2200205Ia 4500
005 20250508163716.0
008 008 250505s9999 xx 000 0 eng d
037 _aTextBook
040 _aFEDL
_beng
_cFEDL
041 _aeng
_2eng
084 _a330.7, RAJ
_qFEDL
100 _aRajiv Kumar
245 0 _aArthshstra shikshad
260 _aAgra, India
_bSahitya Prakashan
_c1996
300 _aviii,238p
365 _aINR
_b120
650 _aEconomics-Teaching
942 _cTB
_h330.7, RAJ
999 _c1384827
_d1384827